| 000 | 00700cam a2200181 i 4500 | ||
|---|---|---|---|
| 020 | _a0262010445 : | ||
| 082 | 0 | 0 |
_a307.12 _bAPP _cL-14,P129 |
| 100 | 1 |
_aAppleyard, Donald. _937630 |
|
| 245 | 1 | 0 |
_aPlanning a pluralist city : _bconflicting realities in Ciudad Guayana / _cDonald Appleyard. |
| 260 |
_aCambridge, Mass. : _bMIT Press, _cc1976. |
||
| 300 |
_a312 p. : _bill. ; _c26 cm. |
||
| 490 | 1 | _aA Publication of the Joint Center for Urban Studies of the Massachusetts Institute of Technology and Harvard University | |
| 500 | _aIncludes index. | ||
| 526 |
_a0 _b0 _c0 _d307_120000000000000_APP |
||
| 650 | 0 |
_aCity planning _zVenezuela _zCiudad Guayana. _937631 |
|
| 650 | 0 |
_aMCE _9379 |
|
| 942 |
_2ddc _cBK |
||
| 999 |
_c542450 _d542450 |
||